000 00532cam a22002291 4500
001 sa 64005858
003 DLC
005 20260227112035.0
008 940913s1962 ii 000 0 orio
010 _asa 64005858
025 _aPL480:I-O-297
035 _a(OCoLC)31095212
040 _aDLC
_cCU
_dCU
_dDLC
042 _apremarc
050 0 0 _aPK2579.M284
_bC5
100 1 _aMahanti, Brajamohan.
245 1 0 _aChāẏāpatha.
260 _c[1962]
300 _a2, 55 p.
_c18 cm.
500 _aIn Oriya.
500 _aPoems.
999 _c59369
_d59369